| 000 | 00468nam a2200145 a 4500 | ||
|---|---|---|---|
| 001 | 000017038 | ||
| 005 | 20200929165017.0 | ||
| 008 | 100316s1955 dr ac 000 0 spa d | ||
| 040 |
_aDO-SdBNP _bspa _cBNPHU |
||
| 082 |
_axxx _bC957d |
||
| 245 | 0 | 3 | _aLa Cruz Roja Dominicana en la Feria de la Paz y Confraternidad del Mundo Libre. |
| 260 |
_aCiudad Trujillo, República Dominicana : _bMontalvo, _c1955. |
||
| 300 |
_a224 p. : _bil., retr. ; _c25 cm. |
||
| 910 | _aEn proceso | ||
| 999 |
_c16564 _d16564 |
||